Megacity Quadrant Quiz - Statistics

General Stats
  • This quiz has been taken 79 times
  • The average score is 24 of 34
Answer Stats
City Quadrant % Correct
Bangkok NE
100%
Beijing NE
100%
Buenos Aires SW
100%
Cairo NE
97%
Delhi NE
95%
Bengaluru NE
94%
Chennai NE
94%
Dhaka NE
94%
Guangzhou NE
94%
Istanbul NE
94%
Jakarta SE
90%
Johannesburg SE
90%
Karachi NE
89%
Kinshasa SE
87%
Kolkata NE
84%
Lagos NE
79%
Lahore NE
79%
London NW
75%
Los Angeles NW
75%
Manila NE
67%
Mexico City NW
67%
Moscow NE
65%
Mumbai NE
63%
Nagoya NE
59%
New York City NW
52%
Osaka NE
51%
Paris NE
46%
Rio de Janeiro SW
41%
Seoul NE
38%
Shanghai NE
35%
São Paulo SW
35%
Tehran NE
30%
Tokyo NE
25%
Tianjin NE
21%
No matching quizzes found
Score Distribution
Percent of People with Each Score
Percentile by Number Answered
Your Score History
You have not taken this quiz